BUBT Library Online Catalog

Conflict Management (Record no. 5851)

000 -LEADER
fixed length control field 00677nam a22002177a 4500
003 - CONTROL NUMBER IDENTIFIER
control field BUBTL
008 - FIXED-LENGTH DATA ELEMENTS--GENERAL INFORMATION
fixed length control field 181224b xxu||||| |||| 00| 0 eng d
020 ## - INTERNATIONAL STANDARD BOOK NUMBER
International Standard Book Number 978-81-317-1199-6
082 ## - DEWEY DECIMAL CLASSIFICATION NUMBER
Classification number 303.69
Item number COC
100 ## - MAIN ENTRY--PERSONAL NAME
9 (RLIN) 2098
Personal name Corvette, Barbara A. Budjac
245 ## - TITLE STATEMENT
Title Conflict Management
Remainder of title A Practical Guide to Developing Negotiation Strategies
Statement of responsibility, etc. Barbara A. Budjac Corvette
250 ## - EDITION STATEMENT
Edition statement 1st
260 ## - PUBLICATION, DISTRIBUTION, ETC. (IMPRINT)
Place of publication, distribution, etc. New Delhi
Name of publisher, distributor, etc. Pearson
Date of publication, distribution, etc. 2007
300 ## - PHYSICAL DESCRIPTION
Extent 330p . :
Other physical details Graph ; 24cm .
500 ## - GENERAL NOTE
General note Includes Index .
650 #0 - SUBJECT ADDED ENTRY--TOPICAL TERM
9 (RLIN) 2099
Topical term or geographic name as entry element Management
700 ## - ADDED ENTRY--PERSONAL NAME
9 (RLIN) 2100
Personal name Barbara A. Budjac Corvette
856 ## - ELECTRONIC LOCATION AND ACCESS
Password 0
Logon 0
Link text Download
942 ## - ADDED ENTRY ELEMENTS (KOHA)
Source of classification or shelving scheme
Koha item type Books
Holdings
Withdrawn status Lost status Source of classification or shelving scheme Damaged status Not for loan Collection code Permanent location Current location Shelving location Date acquired Inventory number Total Checkouts Full call number Barcode Date last seen Copy number Price effective from Koha item type Date last checked out
          Non-fiction Bangladesh University of Business and Technology Library Bangladesh University of Business and Technology Library Management Stacks 12/24/2018 14841   303.69 COC BUBTL-200314841 12/24/2018 C-1 12/24/2018 Books  
          Non-fiction Bangladesh University of Business and Technology Library Bangladesh University of Business and Technology Library Management Stacks 12/24/2018 14845 1 303.69 COC BUBTL-200314845 06/19/2022 C-2 12/24/2018 Books 05/09/2022
          Non-fiction Bangladesh University of Business and Technology Library Bangladesh University of Business and Technology Library Management Stacks 12/24/2018 14844   303.69 COC BUBTL-200314844 12/24/2018 C-3 12/24/2018 Books  
        Not For Loan Non-fiction Bangladesh University of Business and Technology Library Bangladesh University of Business and Technology Library Management Stacks 12/24/2018 14843   303.69 COC BUBTL-200314843 12/24/2018 C-4 12/24/2018 Books  
        Not For Loan Non-fiction Bangladesh University of Business and Technology Library Bangladesh University of Business and Technology Library Management Stacks 12/24/2018 14842   303.69 COC BUBTL-200314842 12/24/2018 C-5 12/24/2018 Books  

More Information About Library

Library Hours

  • Open: 9.00 am. to 9.00 pm.
  • Only Sunday: 9.00 am. to 6.00 pm.
  • Closed: Holiday

Contact to the University

Bangladesh University of Business and Technology Library

  • Mirpurl-2, 1216.
  • Phone:
  • Fax:
  • E-Mail: admin.library@bubt.edu.bd

Contact to the Library

Contact Person:

Md. Abdul Hakim Shah
Joint Librarian
PABX No:  113
Cell No: 01816332931
E-mail: official: admin.library@bubt.edu.bd
Personal: hakim.shah@bubt.edu.bd


BUBT Library

Copyright © 2021